Central Library OPAC University of Rajshahi

The plays of Christopher Marlowe / (Record no. 19027)

MARC details
000 -LEADER
fixed length control field 01038nam a2200265 a 4500
001 - CONTROL NUMBER
control field 19027
003 - CONTROL NUMBER IDENTIFIER
rucl marc code BD-RJUL
005 - DATE AND TIME OF LATEST TRANSACTION
control field 20211209000355.0
008 - FIXED-LENGTH DATA ELEMENTS--GENERAL INFORMATION
fixed length control field 140223s19501939enk 000 0 eng c
035 ## - SYSTEM CONTROL NUMBER
System control number (BD-RjUL)19085
040 ## - CATALOGING SOURCE
Original cataloging agency Columbia univ. Libraries
Transcribing agency CLE
Modifying agency m.c
Language of cataloging eng
041 ## - LANGUAGE CODE
Language code of text/sound track or separate title eng
082 ## - DEWEY DECIMAL CLASSIFICATION NUMBER
Classification number 822.32
Author mark and year MAL 1950
100 1# - MAIN ENTRY--PERSONAL NAME
Personal name Marlowe, Christopher,
Dates associated with a name 1564-1593.
9 (RLIN) 58619
245 04 - TITLE STATEMENT
Title The plays of Christopher Marlowe /
Statement of responsibility, etc. Christopher Marlowe
260 ## - PUBLICATION, DISTRIBUTION, ETC. (IMPRINT)
Place of publication, distribution, etc. London :
Name of publisher, distributor, etc. Humphrey Milford, Oxford University Press,
Date of publication, distribution, etc. c1939 [reprinting 1950]
300 ## - PHYSICAL DESCRIPTION
Pagination 467 p. :
Illustrations facsims. ;
Size 16 cm
490 1# - SERIES STATEMENT
Series statement World's classics ;
Volume/sequential designation 478
500 ## - GENERAL NOTE
General note Each play has a facsimile t-p
505 0# - FORMATTED CONTENTS NOTE
Formatted contents note The first part of Tamburlaine the Great -- The second part of Tamburlaine the Great -- The tragical history of Doctor Faustus -- The Jew of Malta -- Edward the Second -- The massacre at Paris -- The tragedy of Dido, queen of Carthage
830 #0 - SERIES ADDED ENTRY--UNIFORM TITLE
Volume number/sequential designation 478
Uniform title World's classics ;
942 ## - ADDED ENTRY ELEMENTS (KOHA)
Source of classification or shelving scheme Dewey Decimal Classification
Koha item type Books
Holdings
Lost status Source of classification or shelving scheme Damaged status Not for loan Collection code Permanent Location Current Location Shelving location Date acquired Source of acquisition Cost, normal purchase price Total Checkouts Full call number Date last seen Copy number Koha item type
  Dewey Decimal Classification   Not For Loan Fiction Central Library, University of Rajshahi Central Library, University of Rajshahi Reading Room 21/12/1954 O.U.P. 3.60   822.32 MAL 1950 23/02/2014 C-1 Books